Two hours to darkness / (Record no. 131185)
[ view plain ]
| 000 -LEADER | |
|---|---|
| fixed length control field | 00555nam a22002177a 4500 |
| 005 - DATE AND TIME OF LATEST TRANSACTION | |
| control field | 20170124110123.0 |
| 010 ## - LIBRARY OF CONGRESS CONTROL NUMBER | |
| LC control number | 998474 |
| 020 ## - INTERNATIONAL STANDARD BOOK NUMBER | |
| Terms of availability | 00.00 |
| 037 ## - SOURCE OF ACQUISITION | |
| Source of stock number/acquisition | Cen Lib/Ret |
| 040 ## - CATALOGING SOURCE | |
| Original cataloging agency | DPL |
| Language of cataloging | EN |
| 082 ## - DEWEY DECIMAL CLASSIFICATION NUMBER | |
| Classification number | N |
| Item number | TRE |
| 100 ## - MAIN ENTRY--PERSONAL NAME | |
| Personal name | Trew, Antony |
| 9 (RLIN) | 31082 |
| 245 ## - TITLE STATEMENT | |
| Title | Two hours to darkness / |
| Statement of responsibility, etc | by Antony Trew |
| 260 ## - PUBLICATION, DISTRIBUTION, ETC. (IMPRINT) | |
| Place of publication, distribution, etc | London |
| Name of publisher, distributor, etc | Collins |
| Date of publication, distribution, etc | 1963 |
| 270 ## - ADDRESS | |
| Address | St. James,s Place |
| City | London |
| 300 ## - PHYSICAL DESCRIPTION | |
| Extent | 320p. |
| Dimensions | 18cm(Hb) |
| 650 ## - SUBJECT ADDED ENTRY--TOPICAL TERM | |
| Topical term or geographic name as entry element | Nuclear submarines |
| 9 (RLIN) | 31083 |
| 650 ## - SUBJECT ADDED ENTRY--TOPICAL TERM | |
| Topical term or geographic name as entry element | Polaris (Missile) |
| 9 (RLIN) | 31084 |
| 700 ## - ADDED ENTRY--PERSONAL NAME | |
| 9 (RLIN) | 30706 |
| 942 ## - ADDED ENTRY ELEMENTS (KOHA) | |
| Source of classification or shelving scheme | Dewey Decimal Classification |
| Koha item type | English Books |
| Classification part | N |
| Call number suffix | TRE |
| Withdrawn status | Lost status | Damaged status | Not for loan | Home library | Current library | Date acquired | Source of acquisition | Cost, normal purchase price | Total Checkouts | Full call number | Barcode | Date last seen | Copy number | Cost, replacement price | Price effective from | Koha item type |
|---|---|---|---|---|---|---|---|---|---|---|---|---|---|---|---|---|
| Central Library | Central Library | 13/07/2015 | Cen Lib/Ret | 0.00 | N TRE | 998474 | 13/07/2015 | 1 | 0.00 | 13/07/2015 | English Books |
